<?xml version="1.0" encoding="UTF-8"?>
<record
    xmlns:xsi="http://www.w3.org/2001/XMLSchema-instance"
    xsi:schemaLocation="http://www.loc.gov/MARC21/slim http://www.loc.gov/standards/marcxml/schema/MARC21slim.xsd"
    xmlns="http://www.loc.gov/MARC21/slim">

  <leader>01910agaaa2200313   4500</leader>
  <controlfield tag="001">0584</controlfield>
  <controlfield tag="003">IT-RoPAU</controlfield>
  <controlfield tag="005">20220918181229.0</controlfield>
  <controlfield tag="007">d cvaizq</controlfield>
  <controlfield tag="008">50131s9999||||xx ||| |     ||   ||und||</controlfield>
  <datafield tag="040" ind1=" " ind2=" ">
    <subfield code="a">IT-RoPAU</subfield>
    <subfield code="c">IT-RoPAU</subfield>
  </datafield>
  <datafield tag="041" ind1=" " ind2=" ">
    <subfield code="a">ITALIANO </subfield>
  </datafield>
  <datafield tag="100" ind1=" " ind2=" ">
    <subfield code="a">Manfredonia Giulio</subfield>
    <subfield code="g">Codice regista SPICS: 60234</subfield>
    <subfield code="9">39693</subfield>
  </datafield>
  <datafield tag="130" ind1=" " ind2=" ">
    <subfield code="a">SI PUO' FARE </subfield>
    <subfield code="9">39694</subfield>
  </datafield>
  <datafield tag="245" ind1=" " ind2=" ">
    <subfield code="a">SI PUO' FARE </subfield>
    <subfield code="c">Prodotto da: Rizzoli Angelo -- Sceneggiatura: Bonifacci Fabio Manfredonia Giulio -- Diretto da: Manfredonia Giulio</subfield>
    <subfield code="p">SI PUO' FARE (Rif. Codice opera principale : K0584)</subfield>
  </datafield>
  <datafield tag="250" ind1=" " ind2=" ">
    <subfield code="a">Edizione Standard</subfield>
  </datafield>
  <datafield tag="260" ind1=" " ind2=" ">
    <subfield code="a">ITALIA (ITALIA )</subfield>
    <subfield code="b">RIZZOLI FILM / Distribuzione: MAGAZZINO DISP </subfield>
    <subfield code="g">"2008 (1&#xB0; ed.: 2010 ; Ed. Lingua Orig.: 2008)"</subfield>
  </datafield>
  <datafield tag="300" ind1=" " ind2=" ">
    <subfield code="a">DVD</subfield>
    <subfield code="b">sonoro, col.</subfield>
    <subfield code="c">107 minuti</subfield>
  </datafield>
  <datafield tag="508" ind1=" " ind2=" ">
    <subfield code="a">"Fotografia: Forza Roberto ; Montaggio: Zanuso Cecilia ; Musica: De Scalzi Aldo; Sceneggiatura: Bonifacci Fabio Manfredonia Giulio ; Scenografia: Belluzzi Marco ; "</subfield>
  </datafield>
  <datafield tag="511" ind1=" " ind2=" ">
    <subfield code="a">"Bisio Claudio; Caprioli Anita; Battiston Giuseppe; Bosca Andrea; Calcagno Giovanni; "</subfield>
  </datafield>
  <datafield tag="520" ind1=" " ind2=" ">
    <subfield code="a">MILANO ANNI '80. NELLO SI TROVA A DIRIGERE UNA COOPERATIVA DI MALATI MENTALI, APPENA DIMESSI DAI MANICOMI. SI TRATTA DI UNA SPORCA DOZZINA INCAPACE A TUTTO MA NELLO SA SCOVARE I TALENTI NASCOSTI IN QUESTI SCARTI DELLA SOCIETA' E TRASCINARLI ALLA CONQUISTA DELLA LUCCICANTE MILANO BENE. UNA FAVOLA REALMENTE ACCADUTA CHE DIVERTE E COMMUOVE, LASCIANDO NEL CUORE UNA CONTAGIOSA VENTATA DI OTTIMISMO. MALATTIA MENTALE E RIABILITAZIONE.</subfield>
  </datafield>
  <datafield tag="538" ind1=" " ind2=" ">
    <subfield code="a">PAL, STEREO</subfield>
  </datafield>
  <datafield tag="546" ind1=" " ind2=" ">
    <subfield code="a">ITALIANO </subfield>
  </datafield>
  <datafield tag="650" ind1=" " ind2=" ">
    <subfield code="a">DRAMMA - COMMEDIA</subfield>
    <subfield code="e">DVD-FILM [DVD]</subfield>
    <subfield code="x">Codice MATERIA SPICS: 9947</subfield>
    <subfield code="9">39695</subfield>
  </datafield>
  <datafield tag="700" ind1=" " ind2=" ">
    <subfield code="a">Bonifacci Fabio </subfield>
    <subfield code="e">(soggetto)</subfield>
    <subfield code="g">Codice Soggetto SPICS: 31755</subfield>
    <subfield code="9">39696</subfield>
  </datafield>
  <datafield tag="700" ind1=" " ind2=" ">
    <subfield code="a">De Scalzi Aldo</subfield>
    <subfield code="e">(musica)</subfield>
    <subfield code="g">Codice Musica SPICS: 28324</subfield>
    <subfield code="9">39697</subfield>
  </datafield>
  <datafield tag="700" ind1=" " ind2=" ">
    <subfield code="a">Manfredonia Giulio </subfield>
    <subfield code="e">(regista)</subfield>
    <subfield code="g">Codice regista SPICS: 60234</subfield>
    <subfield code="9">39698</subfield>
  </datafield>
  <datafield tag="942" ind1=" " ind2=" ">
    <subfield code="c">DV</subfield>
    <subfield code="2">ddc</subfield>
  </datafield>
  <datafield tag="999" ind1=" " ind2=" ">
    <subfield code="c">105138</subfield>
    <subfield code="d">105138</subfield>
  </datafield>
  <datafield tag="952" ind1=" " ind2=" ">
    <subfield code="0">0</subfield>
    <subfield code="1">0</subfield>
    <subfield code="4">0</subfield>
    <subfield code="6">K_0584_000000000000000</subfield>
    <subfield code="7">1</subfield>
    <subfield code="a">SPICS</subfield>
    <subfield code="b">SPICS</subfield>
    <subfield code="d">2015-01-31</subfield>
    <subfield code="l">0</subfield>
    <subfield code="o">K0584</subfield>
    <subfield code="r">2015-01-31 00:00:00</subfield>
    <subfield code="w">2015-01-31</subfield>
    <subfield code="y">DV</subfield>
    <subfield code="z">Progr. Ins.: 3954 / N.Vol.:1 / Copie: 1 / Pag.:0 / Copia rara: n.d. / date import: 1.2.2015 / By Epidotti, Trombetti, Vaglietti</subfield>
  </datafield>
</record>
